00755nam a2200193Ia 4500001000900000003000500009005001700014008004100031010001100072040000900083082002000092110011800112245014200230260003000372300001100402503000700413650003300420710010800453dia_1646CHAP20230626101952.0220117s1980 xx 000 0 und d a172181 cCHAP a630.72 I58 1980 aSecretaría de Agricultura y Recursos Hidráulicos. Instituto Nacional de Investigaciones Agrícolas. México aAvances de investigación agrícola en zonas de riego y temporal del área CIAN /c Instituto Nacional de Investigaciones Agrícolas aMéxico :b SARH,c1980 a294 p. aD. aAgriculturaxInvestigación aSecretaría de Agricultura y Recursos Hidráulicos, Instituto Nacional de Investigaciones Agrícolas